[Event "Fredericia cand"]
[Site "Fredericia"]
[Date "2015.05.10"]
[Round "3"]
[White "Schou Moldt, Thomas"]
[Black "Seegert, Kristian"]
[Result "1-0"]
[WhiteElo "2175"]
[BlackElo "2210"]
[PlyCount "81"]
[EventDate "2015.05.08"]
[EventType "swiss"]
[EventRounds "5"]
[EventCountry "DEN"]
[SourceTitle "EXT 2018"]
[Source "ChessBase"]
[SourceDate "2017.10.13"]
[SourceVersion "1"]
[SourceVersionDate "2017.10.13"]
[SourceQuality "1"]

1. e4 c5 2. Nf3 d6 3. d4 cxd4 4. Nxd4 Nf6 5. Nc3 g6 6. Be3 Bg7 7. f3 0-0 8. Qd2 Nc6 9. g4 Be6 10. 0-0-0 Nxd4 11. Bxd4 Qa5 12. a3 Rab8 13. Kb1 Rfc8 14. h4 b5 15. Nd5 Qxd2 16. Rxd2 Nxd5 17. exd5 Bxd4 18. Rxd4 Bd7 19. Bd3 Rb6 20. g5 e5 21. dxe6 Bxe6 22. b4 Bf5 23. Bxf5 gxf5 24. Rf4 Rbc6 25. Rh2 Rc3 26. Kb2 Re3 27. Rxf5 a6 28. Rd2 Rc4 29. h5 Kg7 30. Rf6 h6 31. Rxh6 Rxf3 32. Rhxd6 a5 33. bxa5 Ra4 34. R2d3 Rf5 35. R6d5 Rxd5 36. Rxd5 Rxa5 37. c4 f6 38. gxf6+ Kxf6 39. cxb5 Ra7 40. Kb3 Ke6 41. Rg5 1-0

[Event "Fredericia cand"]
[Site "Fredericia"]
[Date "2015.05.08"]
[Round "1"]
[White "Schou Moldt, Thomas"]
[Black "Firooznia, Farzam"]
[Result "1-0"]
[WhiteElo "2175"]
[BlackElo "2098"]
[PlyCount "161"]
[EventDate "2015.05.08"]
[EventType "swiss"]
[EventRounds "5"]
[EventCountry "DEN"]
[SourceTitle "EXT 2018"]
[Source "ChessBase"]
[SourceDate "2017.10.13"]
[SourceVersion "1"]
[SourceVersionDate "2017.10.13"]
[SourceQuality "1"]

1. e4 c5 2. Nf3 g6 3. d4 cxd4 4. Nxd4 Nc6 5. c4 Nf6 6. Nc3 Nxd4 7. Qxd4 d6 8. Be3 Bg7 9. f3 0-0 10. Qd2 a5 11. Rc1 a4 12. Be2 Qa5 13. 0-0 Be6 14. Rc2 Rfc8 15. b3 axb3 16. axb3 Nd7 17. Rb1 Qb4 18. Qc1 Nc5 19. Nd5 Bxd5 20. cxd5 Re8 21. Rc4 Qa3 22. Qxa3 Rxa3 23. Rb4 Rea8 24. Bf1 Ra1 25. Rxa1 Rxa1 26. Kf2 Ra7 27. Kg3 Be5+ 28. Kh3 Kf8 29. Rb5 Ra8 30. Bxc5 dxc5 31. Rxc5 b6 32. Rc6 Rb8 33. Bb5 Bd6 34. g3 f6 35. f4 Rb7 36. Rc8+ Kg7 37. Ra8 h6 38. Kg2 g5 39. Kf3 Rc7 40. Bc6 Kf7 41. Ke3 b5 42. Kf3 b4 43. h3 Kg7 44. Ke3 Kf7 45. Kd4 gxf4 46. gxf4 Bxf4 47. Kc5 Bd6+ 48. Kb6 Kg6 49. Rd8 Be5 50. d6 Rxc6+ 51. Kxc6 Bxd6 52. Rg8+ Kf7 53. Rg2 Ke6 54. Rg4 Kf7 55. Kd5 h5 56. Rg2 h4 57. Kc4 Ke6 58. Rg4 f5 59. exf5+ Kxf5 60. Rxh4 e6 61. Rg4 Be7 62. Rg7 Bd6 63. h4 Kf6 64. Rg2 Bf4 65. Kxb4 e5 66. Kc4 Kf5 67. Kd5 e4 68. Re2 e3 69. Kd4 Bg3 70. h5 Bf2 71. h6 Kg6 72. b4 Kxh6 73. b5 Kg6 74. b6 Bg3 75. Rxe3 Bh2 76. b7 Kf7 77. Rb3 Bb8 78. Rc3 Ke7 79. Rc8 Ba7+ 80. Kd5 Kd7 81. b8Q 1-0

[Event "Reykjavik op"]
[Site "Reykjavik"]
[Date "2015.03.17"]
[Round "9"]
[White "Stuhr, Peter Sebastian"]
[Black "Schou Moldt, Thomas"]
[Result "0-1"]
[WhiteElo "1973"]
[BlackElo "2211"]
[PlyCount "56"]
[EventDate "2015.03.10"]
[EventType "swiss"]
[EventRounds "10"]
[EventCountry "ISL"]
[SourceTitle "CBM 165 Extra"]
[Source "ChessBase"]
[SourceDate "2015.04.21"]
[SourceVersion "1"]
[SourceVersionDate "2015.04.21"]
[SourceQuality "1"]

1. e4 g6 2. Bc4 c6 3. Nc3 Nf6 4. e5 d5 5. exd6 exd6 6. d4 d5 7. Bd3 Bg7 8. Qe2+ Be6 9. Bf4 0-0 10. 0-0-0 b5 11. Re1 Nbd7 12. f3 Qb6 13. Qf2 b4 14. Na4 Qa5 15. b3 Nb6 16. Nc5 Bc8 17. Ne2 Nfd7 18. Nxd7 Bxd7 19. Kd2 c5 20. Bd6 c4 21. Bxf8 Rxf8 22. bxc4 dxc4 23. Be4 f5 24. Qg3 fxe4 25. fxe4 Bh6+ 26. Kd1 Qxa2 27. Nc3 bxc3 28. Qxc3 Qb1+ 0-1

[Event "Reykjavik op"]
[Site "Reykjavik"]
[Date "2015.03.14"]
[Round "6"]
[White "Schou Moldt, Thomas"]
[Black "Magnusdottir, Veronika Steinunn"]
[Result "1-0"]
[WhiteElo "2211"]
[BlackElo "1571"]
[PlyCount "65"]
[EventDate "2015.03.10"]
[EventType "swiss"]
[EventRounds "10"]
[EventCountry "ISL"]
[SourceTitle "CBM 165 Extra"]
[Source "ChessBase"]
[SourceDate "2015.04.21"]
[SourceVersion "1"]
[SourceVersionDate "2015.04.21"]
[SourceQuality "1"]

1. e4 c5 2. Nf3 d6 3. Bb5+ Bd7 4. a4 Nc6 5. d4 cxd4 6. Nxd4 Nf6 7. Nc3 g6 8. 0-0 Bg7 9. Re1 Rc8 10. Nxc6 Bxc6 11. Bg5 0-0 12. Nd5 e6 13. Nc3 Qc7 14. Ra3 a6 15. Bxc6 Qxc6 16. a5 Nd7 17. f4 f6 18. Bh4 Rb8 19. Bf2 Nc5 20. b4 Nd7 21. Na4 b5 22. axb6 Rb7 23. c4 Qxc4 24. Qxd6 Re8 25. Rc3 Qb5 26. Qc6 Rbb8 27. Rd1 Re7 28. Qxb5 axb5 29. Rc7 Bf8 30. Rdxd7 Rxd7 31. Rxd7 bxa4 32. Bc5 a3 33. Ra7 1-0